Fußball: Europas Meister 2022/23 - Statistiken

Allgemein
  • Dieses Quiz wurde 817 mal gespielt
  • Das Durchschnittsergebnis liegt bei 12 aus 18
Antwortstatistiken
Land Meister % Korrekt
Deutschland Bayern München
99%
England Manchester City
96%
Frankreich Paris Saint-Germain
96%
Italien SSC Neapel
90%
Spanien FC Barcelona
89%
Portugal Benfica Lissabon
84%
Österreich Red Bull Salzburg
84%
Dänemark FC Kopenhagen
79%
Schottland Celtic
77%
Niederlande Feyenoord Rotterdam
77%
Türkei Galatasaray
75%
Schweiz Young Boys Bern
65%
Ukraine Schachtar Donezk
55%
Griechenland AEK Athen
50%
Belgien Royal Antwerp
50%
Israel Maccabi Haifa
44%
Polen Raków Częstochowa
12%
Rumänien Farul Constanța
4%
Keine übereinstimmenden Quizze gefunden
Verteilung der Resultate
Anzahl Personen mit jedem Resultat
Perzentil nach korrekt beantworteten Fragen
Ihre Resultats-Entwicklung
Sie haben dieses Quiz noch nicht gespielt